000 00380pam a2200157a 44500
008 230515b1973 xxu||||| |||| 00| 0 eng d
020 _aNULL
041 _aENGLISH
082 _aN.D.
100 _aRao/Sitting
245 _aDrydens Outlines Of Chemical Technology
250 _a0
260 _aNULL
_bAffliliated East West Press Pvt.
_c1973
300 _a640
650 _aNULL
999 _c574863
_d574863